Statistics for Main Languages of Finland

Click here to take the quiz!

General Stats

  • This quiz has been taken 239 times
  • The average score is 12 of 18

Answer Stats

# SpeakersLanguage% Correct
4,822,690Finnish
98%
287,954Swedish
98%
81,606Russian
95%
49,427Estonian
88%
22,052English
87%
6,559German
83%
31,920Arabic
77%
13,064Chinese
74%
8,598Spanish
74%
5,567Polish
69%
8,840Turkish
55%
5,108Ukrainian
51%
21,920Somali
45%
14,118Persian
41%
10,179Thai
35%
11,094Vietnamese
35%
14,803Kurdish
28%
11,806Albanian
17%

Score Distribution

Percentile by Number Answered

Percent of People with Each Score

Your Score History

You have not taken this quiz